Statistics for Power Metal Bands

Click here to take the quiz!

General Stats

  • This quiz has been taken 66 times
    (25 since last reset)
  • The average score is 12 of 30

Answer Stats

Song or AlbumHintAnswer% Correct
To Hell and BackVery successful Swedish band obsessed by war and historical battles, featuring frontman Joakim Brodén.Sabaton
77%
Valley of the DamnedUK band whose song 'Through the Fire and Flames' appeared on Guitar Hero III & helped bring them mainstream recognition.DragonForce
73%
Keeper of the Seven KeysInfluential German act often labelled as the 'fathers of power metal', and sometimes referred to as 'pumpkin heads'.Helloween
64%
Kings of MetalOver the top US band, prone to wearing Conan-style loincloths and known for their slogan 'Death to False Metal'.Manowar
64%
Captain Morgan's RevengeScottish folk/power metal band who describe their sound as 'True Scottish Pirate Metal'.Alestorm
59%
Nightfall in Middle-EarthGerman band considered pioneers of the power metal movement. Originally formed as 'Lucifer's Heritage'.Blind Guardian
59%
Blood of the SaintsGerman band with a darker image than is typical for power metal. They where corpse paint & sing about werewolves & vampires.Powerwolf
59%
VisionsLongstanding and influential Finnish band who have no original members left after guitarist Timo Tolkki departed in 2008.Stratovarius
55%
Symphony of Enchanted LandsItalian symphonic power metal band who changed their name in 2006 due to trademark issues, tacking 'of fire' onto the end of their moniker.Rhapsody of Fire
50%
Land of the FreeGerman band formed and fronted by Kai Hansen after his departure from Helloween.Gamma Ray
45%
Legacy of KingsSwedish band which started as side project featuring members of death metal bands Dark Tranquility, In Flames & Ceremonial Oath.HammerFall
45%
OnceSymphonic power metal band from Finland formerly featuring female operatic soprano Tarja Turunen on lead vocals.Nightwish
41%
Death or GloryGerman band who embraced a pirate theme on their third album 'Under Jolly Roger' and continue it into the present day.Running Wild
41%
Angels CryBrazilian band led by Rafael Bittencourt. Other albums include 'Temple of Shadows' and 'Holy Land'.Angra
36%
Tales from the Kingdom of FifeScottish band fond of wearing armour and costumes on stage. Founded by keyboardist Christopher Bowes of Alestorm.Gloryhammer
36%
Something Wicked This Way ComesAmerican band featuring guitarist Jon Schaffer who served jail time for his involvement in the 2021 United States Capitol attack.Iced Earth
36%
Hall of the Mountain KingUS band founded by brothers John & Criss Oliva. Criss died in a car accident in 1993. Members would go on to form Trans-Siberian Orchestra.Savatage
36%
Die By The BladeFinnish band formed by Anton Kabanen after he left Battle Beast.Beast in Black
32%
ExcaliburGerman band who attempted to go more commercial in the late 80's, releasing albums under the names 'Digger' and "Hawaii'.Grave Digger
32%
Reckoning NightFinnish band who originally started as a hard rock outfit named 'Tricky Beans'. Other albums include 'Winterheart's Guild'.Sonata Arctica
32%
The Divine Wings of TragedyUS progressive/power metal band featuring guitarist Michael Romeo. Other albums include 'Paradise Lost' and 'Iconoclast'.Symphony X
32%
The Metal OperaGerman symphonic heavy metal supergroup led by Tobias Sammet of Edguy.Avantasia
27%
DragonslayerSwedish band formed by producer Fredrik Nordström. They are named after a well known Dio album.Dream Evil
27%
Ample DestructionAmerican band, originally called Tyrant, who renamed themselves after a German WWII tank.Jag Panzer
27%
Crystal LogicCult US band fronted by the late Mark 'The Shark' Shelton, who died in 2018. Other albums include 'The Deluge' and 'Mystification'.Manilla Road
27%
Theater of SalvationGerman band formed in high school when its members were 14 years old. Christened after a nickname for their maths teacher.Edguy
23%
Jaws of DeathGerman band that arose out of a Judas Priest covers band & fronted by Ralf Scheepers, formerly of Gamma Ray.Primal Fear
23%
Heroes of Mighty MagicSwedish symphonic metal band who write lyrics based on their own fictional high fantasy world called The Twilight Kingdoms.Twillight Force
23%
The Marriage of Heaven and HellNYC band fronted by David Defreis, who refers to their music as 'barbaric-romantic metal'.Virgin Steele
23%
When the Lights Are DownUS band featuring guitarist Thomas Youngblood. Their name takes inspiration from Arthurian legend.Kamelot
18%

Score Distribution

Percentile by Number Answered

Percent of People with Each Score

Your Score History

You have not taken this quiz since the last reset